Handbook of natural language processing
Αποθηκεύτηκε σε:
| Άλλοι συγγραφείς: | , , |
|---|---|
| Μορφή: | Βιβλίο |
| Γλώσσα: | English |
| Δημοσίευση: |
New York :
Marcel Dekker,
2000
|
| Θέματα: | |
| Ετικέτες: |
Προσθήκη ετικέτας
Δεν υπάρχουν, Καταχωρήστε ετικέτα πρώτοι!
|
MARC
| LEADER | 00000nam a2200000 i 4500 | ||
|---|---|---|---|
| 001 | 1/37343 | ||
| 008 | 030623s2000 eng d | ||
| 020 | |a 0-8247-9000-6 | ||
| 035 | |l 10070237 | ||
| 040 | |a GR-MY-UA |b gre |e aacr | ||
| 041 | 0 | |a eng | |
| 082 | 0 | |a 006.35 | |
| 245 | 1 | 0 | |a Handbook of natural language processing / |c edited by Robert Dale, Hermann Moisl, Harold Somers |
| 260 | |a New York : |b Marcel Dekker, |c 2000 | ||
| 300 | |a 943 p. | ||
| 650 | 0 | 0 | |a Natural language processing (Computer science) |x Handbooks, manuals, etc. |
| 700 | 1 | |a Dale, Robert. |4 edt | |
| 700 | 0 | |a Moisl, Hermann. |4 edt | |
| 700 | 0 | |a Somers, H.L. |4 edt | |
| 852 | |a INST |b RHODES |e 20030623 |h 006.35 HAN |p 005400020238 |q 005400020238 |t BK |y 0 | ||
| 901 | |a BIBL4-2003-2 | ||
| 909 | |a Ρ |b 105322 | ||
| 922 | |a 4ΕΛΗ |b 200211 |c ΕΠΕΑΕΚ2/ΤΜΣ |d ΠΑΠΑΣΩΤΗΡΙΟΥ & ΕΛΕΥΘΕΡΟΥΔΑΚΗΣ | ||
| 950 | |a 124-2002-10-18 | ||
| 970 | |a ΚΟΥΛΑΚΙΟΤΗ |b ΛΙΤΣΑ |z 2003/06/23 | ||